000 00857nam a2200253 i 4500
003 DO-SdBNP
005 20230921142755.0
007 ta
008 110701s2003 dr 000 0 spa d
040 _aDO-SdBNP
_bspa
_cBNPHU
_erda
082 _222
_bM433n
100 _aMatías, Cristian
_958006
245 1 3 _aNuevas tecnologías y desempeño educativo :
_brealidades e ilusiones /
_cCristian Matías.
264 1 _aSanto Domingo :
_bSecretaría de Estado de Educación,
_c2003.
300 _a34 páginas
_c28 cm.
336 _2rdacontent
_atexto
_btxt
337 _2rdamedia
_asin mediación
_bn
338 _2rdacarrier
_avolumen
_bnc
490 1 _aCuadernos de educación básica para todos
590 _aInventariado, 2023/ YL
710 2 _aSecretaría de Estado de Educación (República Dominicana )
_919481
910 _aYLockward
942 _2ddc
_cLF2
999 _c31268
_d31268